السحر و الدين : (رقم التسجيلة. 251)

تفاصيل مارك
000 -الفاتح
عناصر البيانات ثابتة الطول 00572cam a2200169 i 4500
005 - تاريخ ووقت آخر معاملة
حقل ضبط 20251108163336.0
008 - عناصر البيانات ثابتة الطول
عناصر البيانات ثابتة الطول 250721s1989 ua gr 000 0 ara d
082 14 - رقم تصنيف ديوي العشري
رقم التصنيف 133.4
رقم المادة س ل و
100 1# - مدخل رئيسي – اسم شخصي
الاسم الشخصي سليم، سلوى علي
علاقة الشخص بالعمل/ دوره مؤلف.
245 10 - بيان العنوان
العنوان السحر و الدين :
بقية العنوان دراسة في تحليل المضمون /
بيان المسؤولية دكتورة سلوى على سليم.
250 ## - بيان الطبعة
بيان الطبعة الطبعة الاولى.
264 31 - بيانات النشر، التوزيع…إلخ
مكان النشر، التوزيع...إلخ القاهرة :
اسم الناشر، الموزع...إلخ مكتبة وهبه،
تاريخ النشر، التوزيع...إلخ 1989.
300 ## - الوصف المادي
عدد الوحدات المكونة للوعاء 152 صفحة.
650 17 - مدخل إضافي بالموضوع - مصطلح موضوعي
مصطلح موضوعي أو اسم جغرافي كعنصر مدخل السحر.
942 ## - بيانات إضافية (كوها)
نوع التنصيف Dewey Decimal Classification
نوع المادة (كوها) كتب
المقتنيات
حالة السحب حالة الفقدان مصدر التصنيف حالة التلف غير قابل للإعارة المكتبة الرئيسية المكتبة الحالية موقع الرف تاريخ التزويد الرقم المتسلسل Total Checkouts رقم الإستدعاء الباركود تاريخ آخر ظهور تاريخ الفاتورة نوع المادة (كوها)
    Dewey Decimal Classification     المكتبة المركزية المكتبة المركزية الإعارة 12/07/2004 203002   133.4 / س ل و 203002 28/07/2025 12/07/2004 كتب
Implemented & Customized by: BBB with SCIT (Smart Chains for Information Technology)

Powered by Koha